000
00282nam a2200097Ia 4500
005
20251222114411.0
008
251222s1900||||xx |||||||||||||| ||spa||
082
_a
DVD0192/P44/2005
245
0
_a
Seminario de ética: el problema carcelario en Perú. Realidad y alternativas
942
_c
DVD
999
_c
2041
_d
2041